| 000 | 00607nam a2200217 a 4500 | ||
|---|---|---|---|
| 005 | 20140310183451.0 | ||
| 008 | 090119s19uu xx 00 eng d | ||
| 020 | _a9781422123089 | ||
| 050 |
_aHF 5549.5.S38 _b.H567 2008 |
||
| 245 | _aHiring and firing. / | ||
| 260 |
_aBoston, Massachusetts : _bHarvard Business School, Pub, _c2008. |
||
| 300 |
_a100 p. : _c17 cm. |
||
| 440 | _aLessons Learned | ||
| 521 | _aBSBA | ||
| 650 | _aBSBA. | ||
| 650 | _aEmployee selection. | ||
| 650 |
_aEmployees _xDismissal of. |
||
| 650 |
_aEntrepreneurship _xBiography. |
||
| 942 |
_cBK _2lcc _kFOR |
||
| 999 |
_c23416 _d23416 |
||